Normal view
MARC view
Entry Personal Name
001 - CONTROL NUMBER
- control field: 17546
003 - CONTROL NUMBER IDENTIFIER
- control field: BD-RjUL
005 - DATE AND TIME OF LATEST TRANSACTION
- control field: 20260104125911.0
008 - FIXED-LENGTH DATA ELEMENTS
- fixed length control field: 260104|| aca||aabn | a|a d
040 ## - CATALOGING SOURCE
- Original cataloging agency: BD-RjUL
- Transcribing agency: BD-RjUL
100 ## - HEADING--PERSONAL NAME
- Personal name: বিদ্যাসাগর, ঈশ্বরচন্দ্র
- General subdivision: জীবনী
670 ## - SOURCE DATA FOUND
- Source citation: Work cat.: (BD-RjUL)55731: উমর, বদরুদ্দীন 116667, ঈশ্বরচন্দ্র বিদ্যাসাগর ও ঊনিশ শতকের বাঙালী সমাজ / , ১৯৭৪